00986nam a2200217 a 4500001001000000003000500010005001700015008004100032010001100073011001100084040000900095100003200104245022000136260004100356500006000397502010900457650003500566650004600601650005100647856007000698000115897CHAP20220329144553.0190722s2019 mx a |sm |||||||spa d a112358 a113330 cCHAP1 aPérez Alva, Erick Miguel.10aCaracterización morfológica de la escama Pseudococcus longispinus (Hemíptera: Coccoidea) en Ficus benjamina L. y efectividad bilógica de hongos entomopatógenosh[En línea]cpor Erick Miguel Pérez Alva. aChapingo, Méx. :bEl autor,c2019. aPara ver el contenido del material haga clic en la liga aTesis (Ing. Agr. Esp. en Parasitología Agrícola) -- UACH. Departamento de Parasitología Agrícola14aControl biológico de hongos.14aHongos fitopatógenosxIdentificación.14aPlantas ornamentalesxEnfermedades por hongos. aFinding aiduhttp://10.13.5.2/tesis/sist115897.pdfzTeclea aquí